[Event "Campeonato del Mundo sub-20 2010"]
[Site "Chotowa POL"]
[Date "2010.08.14"]
[Round "11.38"]
[White "Kanmazalp, Ogulcan"]
[Black "Smola, Michal"]
[Result "1-0"]
[WhiteElo "2381"]
[BlackElo "2220"]
[PlyCount "57"]
[EventDate "2010.08.03"]
[EventType "swiss"]
[EventRounds "13"]
[EventCountry "POL"]
[Source "lmi"]
[SourceDate "2010.08.03"]

1. e4 c5 2. Nf3 Nc6 3. c3 d6 4. d4 Nf6 5. d5 Nb8 6. h3 Nbd7 7. Bd3 g6 8. c4 Bg7
9. Nc3 O-O 10. Be3 e5 11. g4 h5 12. Rg1 hxg4 13. hxg4 Nb6 14. Ng5 Bh6 15. Nxf7
Rxf7 16. Bxh6 Nh7 17. Be3 Ng5 18. Rg3 Nf3+ 19. Ke2 Qf8 20. Qf1 g5 21. Kd1 Qh6
22. b3 Bd7 23. Kc2 Raf8 24. Kb2 Kg7 25. Be2 Nh4 26. Rh3 Rh8 27. Qc1 Qf6 28.
Bxg5 Qxf2 29. Bxh4 1-0

[Event "Campeonato del Mundo sub-20 2010"]
[Site "Chotowa POL"]
[Date "2010.08.14"]
[Round "11.39"]
[White "Posedaru, Bogdan"]
[Black "Dimitrov, Pavel"]
[Result "1/2-1/2"]
[WhiteElo "2294"]
[BlackElo "2365"]
[PlyCount "122"]
[EventDate "2010.08.03"]
[EventType "swiss"]
[EventRounds "13"]
[EventCountry "POL"]
[Source "lmi"]
[SourceDate "2010.08.03"]

1. d4 f5 2. Bg5 g6 3. Nc3 d5 4. Qd2 Bg7 5. O-O-O Nc6 6. f3 Nxd4 7. e4 Ne6 8.
Nxd5 c6 9. exf5 gxf5 10. Nb4 Qxd2+ 11. Bxd2 Nf6 12. Nh3 a5 13. Nd3 Nd5 14. Nhf4
Nexf4 15. Nxf4 Be5 16. Nxd5 cxd5 17. Bb5+ Bd7 18. Bxd7+ Kxd7 19. f4 Bd6 20. Bc3
Bxf4+ 21. Kb1 Rhf8 22. Rxd5+ Kc6 23. Rxa5 Rxa5 24. Bxa5 Bd6 25. g3 h5 26. Rd1
h4 27. gxh4 f4 28. Be1 e5 29. Kc1 Be7 30. Bf2 e4 31. Kd2 e3+ 32. Bxe3 fxe3+ 33.
Kxe3 Bc5+ 34. Ke4 Rf2 35. h3 Rxc2 36. h5 Rxb2 37. h6 Rh2 38. Rd3 Bf8 39. Rf3
Re2+ 40. Kd3 Re8 41. h7 Bd6 42. Rf5 Ba3 43. Rg5 Rh8 44. Rh5 Kd6 45. Kc4 Ke6 46.
Kb5 Kf6 47. Kb6 Kg6 48. Rh4 Be7 49. Rg4+ Kf5 50. Kxb7 Rxh7 51. a4 Rxh3 52. Rd4
Ke5 53. Rd7 Ke6 54. Rd4 Bc5 55. Rd1 Bb4 56. Kc6 Rb3 57. Kb5 Bd2+ 58. Kc4 Rb4+
59. Kc5 Rb2 60. Kc6 Rc2+ 61. Kb5 Kd6 1/2-1/2

[Event "Campeonato del Mundo sub-20 2010"]
[Site "Chotowa POL"]
[Date "2010.08.14"]
[Round "11.40"]
[White "Zysko, Jan"]
[Black "Platzgummer, Fabian"]
[Result "1/2-1/2"]
[WhiteElo "2210"]
[BlackElo "2351"]
[PlyCount "73"]
[EventDate "2010.08.03"]
[EventType "swiss"]
[EventRounds "13"]
[EventCountry "POL"]
[Source "lmi"]
[SourceDate "2010.08.03"]

1. e4 e5 2. Nf3 Nc6 3. Bb5 a6 4. Ba4 Nf6 5. O-O Be7 6. Re1 b5 7. Bb3 d6 8. c3
O-O 9. h3 Na5 10. Bc2 c5 11. d4 Qc7 12. Nbd2 Be6 13. Nf1 Nc4 14. b3 Nb6 15. Ne3
c4 16. d5 Bd7 17. b4 Rfc8 18. Kh2 Bf8 19. Rg1 a5 20. Ba3 Na4 21. Bxa4 axb4 22.
Bxb4 Rxa4 23. Qc2 Be8 24. Nd2 Rca8 25. a3 Nd7 26. Nd1 Nc5 27. Nb2 R4a7 28. Raf1
Be7 29. Rb1 Bg5 30. Nf3 Bh6 31. Qe2 Na6 32. Nd1 Bd7 33. Ne3 Nxb4 34. axb4 Ra2
35. Nc2 g6 36. g4 Bf4+ 37. Kh1 1/2-1/2

[Event "Campeonato del Mundo sub-20 2010"]
[Site "Chotowa POL"]
[Date "2010.08.14"]
[Round "11.41"]
[White "Van Rensburg, Ryan Pierre"]
[Black "Zhou, Yang-fan"]
[Result "1/2-1/2"]
[WhiteElo "2079"]
[BlackElo "2348"]
[PlyCount "62"]
[EventDate "2010.08.03"]
[EventType "swiss"]
[EventRounds "13"]
[EventCountry "POL"]
[Source "lmi"]
[SourceDate "2010.08.03"]

1. d4 Nf6 2. c4 d6 3. Nc3 e5 4. d5 Nbd7 5. e4 a5 6. Be3 Nc5 7. f3 Be7 8. Nge2
Nh5 9. Qd2 h6 10. O-O-O Bg5 11. g4 Bxe3 12. Qxe3 Nf6 13. Ng3 Nfd7 14. h4 Nb6
15. Bd3 Qe7 16. Nf5 Bxf5 17. exf5 O-O-O 18. b3 Kb8 19. Kb1 Rde8 20. Bc2 Qd7 21.
Kb2 h5 22. Rdg1 hxg4 23. Rxg4 e4 24. fxe4 Qe7 25. Rxg7 Qf6 26. Qg5 Qd4 27. Qg1
Nca4+ 28. bxa4 Nxc4+ 29. Kb3 Nd2+ 30. Kb2 Nc4+ 31. Kb3 Nd2+ 1/2-1/2

[Event "Campeonato del Mundo sub-20 2010"]
[Site "Chotowa POL"]
[Date "2010.08.14"]
[Round "11.42"]
[White "Kaleta, Blazej"]
[Black "Kantans, Toms"]
[Result "0-1"]
[WhiteElo "1944"]
[BlackElo "2343"]
[PlyCount "60"]
[EventDate "2010.08.03"]
[EventType "swiss"]
[EventRounds "13"]
[EventCountry "POL"]
[Source "lmi"]
[SourceDate "2010.08.03"]

1. Nf3 Nf6 2. c4 g6 3. d4 Bg7 4. Nc3 d5 5. Bg5 Ne4 6. Bf4 Nxc3 7. bxc3 dxc4 8.
Qa4+ Nd7 9. Qxc4 c5 10. e3 Qa5 11. Nd2 cxd4 12. cxd4 O-O 13. Be2 e5 14. dxe5
Nxe5 15. Bxe5 Bxe5 16. Rc1 Rd8 17. Rc2 Rxd2 18. Rxd2 Bc3 19. O-O Bxd2 20. Rd1
Be6 21. Qc2 Bc3 22. Bf3 Rc8 23. Bxb7 Rc7 24. Bf3 Qxa2 25. Qd3 Bf6 26. Qe4 Kg7
27. h4 Qc4 28. Qa8 Qxh4 29. g3 Qb4 30. Qe8 Rc8 0-1

[Event "Campeonato del Mundo sub-20 2010"]
[Site "Chotowa POL"]
[Date "2010.08.14"]
[Round "11.45"]
[White "Anton, Teodor"]
[Black "Lewtak, Damian"]
[Result "1-0"]
[WhiteElo "2350"]
[BlackElo "2008"]
[PlyCount "65"]
[EventDate "2010.08.03"]
[EventType "swiss"]
[EventRounds "13"]
[EventCountry "POL"]
[Source "lmi"]
[SourceDate "2010.08.03"]

1. d4 d5 2. Nf3 Nf6 3. e3 e6 4. Bd3 c6 5. O-O Nbd7 6. b3 Bd6 7. Bb2 Qc7 8. Nbd2
O-O 9. e4 dxe4 10. Nxe4 Nxe4 11. Bxe4 f5 12. Bd3 e5 13. Bc4+ Kh8 14. Ng5 Nb6
15. dxe5 Be7 16. Nxh7 Nxc4 17. Nxf8 Nxb2 18. Ng6+ Kg8 19. Nxe7+ Qxe7 20. Qd4
Be6 21. Qxb2 f4 22. f3 Kf7 23. Qd4 Qg5 24. Rad1 Rh8 25. Rf2 Qh6 26. h3 Qg5 27.
Kf1 Rh5 28. c4 Qxe5 29. Qxe5 Rxe5 30. Re2 Ra5 31. Rd4 g5 32. h4 c5 33. Rd6 1-0

[Event "Campeonato del Mundo sub-20 2010"]
[Site "Chotowa POL"]
[Date "2010.08.14"]
[Round "11.47"]
[White "Akkozov, Berik"]
[Black "Lewicki, Miroslaw"]
[Result "1/2-1/2"]
[WhiteElo "2328"]
[BlackElo "2149"]
[PlyCount "105"]
[EventDate "2010.08.03"]
[EventType "swiss"]
[EventRounds "13"]
[EventCountry "POL"]
[Source "lmi"]
[SourceDate "2010.08.03"]

1. c4 Nf6 2. Nc3 c5 3. g3 g6 4. Bg2 Bg7 5. e3 O-O 6. Nge2 d6 7. O-O Nbd7 8. d4
cxd4 9. exd4 Rb8 10. b3 Re8 11. Nb5 a6 12. Na7 Qb6 13. Nxc8 Rbxc8 14. h3 e6 15.
Bf4 d5 16. c5 Qc6 17. Rc1 b6 18. cxb6 Qxb6 19. Qd3 Bf8 20. Rxc8 Rxc8 21. Rc1
Rxc1+ 22. Bxc1 Nb8 23. a3 Ne8 24. b4 Nc6 25. Be3 Nd6 26. Nc3 Nc4 27. Bxd5 exd5
28. Nxd5 Qb5 29. Nc3 Nxb4 30. axb4 Qxb4 31. Nd5 Qe1+ 32. Kg2 Nxe3+ 33. Qxe3
Qxe3 34. fxe3 a5 35. Nb6 Bd6 36. e4 Kf8 37. Kf3 Bc7 38. Na4 Ke7 39. Nc3 f6 40.
g4 Bd6 41. Ke3 Ke6 42. Nb5 Bb8 43. Na3 f5 44. gxf5+ gxf5 45. e5 Bc7 46. Nb5 Bd8
47. Nc3 h6 48. Kd3 Bg5 49. Na4 Be7 50. Kc4 f4 51. Kd3 Kf5 52. Nc3 Bb4 53. Nd5
1/2-1/2

[Event "Campeonato del Mundo sub-20 2010"]
[Site "Chotowa POL"]
[Date "2010.08.14"]
[Round "11.48"]
[White "Herman, Jean"]
[Black "Ivanov, Stojan Lubomirov"]
[Result "0-1"]
[WhiteElo "2094"]
[BlackElo "2223"]
[PlyCount "74"]
[EventDate "2010.08.03"]
[EventType "swiss"]
[EventRounds "13"]
[EventCountry "POL"]
[Source "lmi"]
[SourceDate "2010.08.03"]

1. d4 d5 2. c4 c6 3. Nf3 Nf6 4. Nc3 dxc4 5. a4 Bf5 6. e3 e6 7. Bxc4 Bb4 8. O-O
Nbd7 9. Qe2 Bg6 10. e4 O-O 11. Bd3 h6 12. Rd1 Rc8 13. Na2 Be7 14. b4 a5 15. Ba3
Re8 16. Rab1 Bf8 17. e5 Bxd3 18. Qxd3 Nd5 19. bxa5 Qxa5 20. Bxf8 Nxf8 21. Qb3
Ra8 22. Nb4 Reb8 23. Nxd5 cxd5 24. Rdc1 Qxa4 25. Qb6 Qa5 26. Qb3 b5 27. h4 Qa2
28. Qxa2 Rxa2 29. Rb4 Ra4 30. Rcb1 Rxb4 31. Rxb4 Ng6 32. Ne1 Ne7 33. Nc2 Nc6
34. Rb3 b4 35. Kf1 Ra8 36. Ke2 Ra2 37. Kd3 Rxc2 0-1

[Event "Campeonato del Mundo sub-20 2010"]
[Site "Chotowa POL"]
[Date "2010.08.14"]
[Round "11.49"]
[White "Tran, Ngoc Lan"]
[Black "Lukovic, Vladimir"]
[Result "0-1"]
[WhiteElo "2218"]
[BlackElo "2130"]
[PlyCount "80"]
[EventDate "2010.08.03"]
[EventType "swiss"]
[EventRounds "13"]
[EventCountry "POL"]
[Source "lmi"]
[SourceDate "2010.08.03"]

1. e4 e5 2. f4 c6 3. d4 exf4 4. Bxf4 d5 5. exd5 cxd5 6. Nf3 Bd6 7. Bxd6 Qxd6 8.
Bd3 Nf6 9. O-O O-O 10. c4 dxc4 11. Bxc4 Nc6 12. Nc3 Bg4 13. Nb5 Qb4 14. Rc1 a6
15. a3 Qe7 16. Nc3 Qe3+ 17. Kh1 Bxf3 18. Rxf3 Qxd4 19. Qf1 Rad8 20. Rf4 Qd6 21.
Rd1 Qc5 22. Rxd8 Nxd8 23. Rxf6 gxf6 24. Nd5 Qd4 25. Qf5 Kg7 26. Bd3 Rh8 27. h3
Ne6 28. Ne7 Kf8 29. Nd5 Qe5 30. Qf3 Ng5 31. Qxf6 Qxf6 32. Nxf6 Ke7 33. Ne4 Nxe4
34. Bxe4 b6 35. b4 b5 36. Bb7 Kd6 37. Kh2 Re8 38. Bxa6 Kc6 39. a4 bxa4 40. Bc4
h6 0-1

[Event "Campeonato del Mundo sub-20 2010"]
[Site "Chotowa POL"]
[Date "2010.08.14"]
[Round "11.51"]
[White "Kriebel, Tadeas"]
[Black "Gator, Mosab"]
[Result "1-0"]
[WhiteElo "2320"]
[BlackElo "2121"]
[PlyCount "35"]
[EventDate "2010.08.03"]
[EventType "swiss"]
[EventRounds "13"]
[EventCountry "POL"]
[Source "lmi"]
[SourceDate "2010.08.03"]

1. d4 Nf6 2. c4 e6 3. Nf3 d5 4. Nc3 Bb4 5. cxd5 exd5 6. Bg5 h6 7. Bh4 g5 8. Bg3
Ne4 9. Qb3 Be6 10. e3 h5 11. h4 Nxg3 12. fxg3 Qe7 13. Bb5+ Bd7 14. O-O-O g4 15.
Nxd5 Qd6 16. Ng5 Ba5 17. Ne4 Qh6 18. Ndf6+ 1-0

[Event "Campeonato del Mundo sub-20 2010"]
[Site "Chotowa POL"]
[Date "2010.08.14"]
[Round "11.52"]
[White "Sreeves, Clement"]
[Black "Podolsky, Anton"]
[Result "1-0"]
[WhiteElo "2085"]
[BlackElo "2190"]
[PlyCount "41"]
[EventDate "2010.08.03"]
[EventType "swiss"]
[EventRounds "13"]
[EventCountry "POL"]
[Source "lmi"]
[SourceDate "2010.08.03"]

1. e4 e6 2. d4 d5 3. Nd2 dxe4 4. Nxe4 Nd7 5. Nf3 Ngf6 6. Nxf6+ Nxf6 7. Bd3 Be7
8. O-O O-O 9. Qe2 b6 10. Bg5 Bb7 11. Rad1 Qd5 12. c4 Qa5 13. Ne5 Rad8 14. a3 c5
15. d5 exd5 16. Ng4 Rfe8 17. Bxf6 Bxf6 18. Nxf6+ gxf6 19. Qh5 Re5 20. Qh6 Rd7
21. Bxh7+ 1-0

[Event "Campeonato del Mundo sub-20 2010"]
[Site "Chotowa POL"]
[Date "2010.08.14"]
[Round "11.53"]
[White "Pierard, Florian"]
[Black "Pecha, Tomas"]
[Result "1/2-1/2"]
[WhiteElo "2081"]
[BlackElo "2187"]
[PlyCount "32"]
[EventDate "2010.08.03"]
[EventType "swiss"]
[EventRounds "13"]
[EventCountry "POL"]
[Source "lmi"]
[SourceDate "2010.08.03"]

1. e4 c5 2. Nc3 e6 3. g3 d5 4. exd5 exd5 5. Bg2 Nf6 6. Nge2 d4 7. Ne4 Nxe4 8.
Bxe4 Nd7 9. O-O Bd6 10. d3 O-O 11. Bf4 Ne5 12. Bg2 Qb6 13. b3 Bg4 14. h3 Bd7
15. Re1 Rae8 16. Kh1 Bc6 1/2-1/2

[Event "Campeonato del Mundo sub-20 2010"]
[Site "Chotowa POL"]
[Date "2010.08.14"]
[Round "11.54"]
[White "Green, Andrew D"]
[Black "Parol, Pawel"]
[Result "1/2-1/2"]
[WhiteElo "2172"]
[BlackElo "1764"]
[PlyCount "77"]
[EventDate "2010.08.03"]
[EventType "swiss"]
[EventRounds "13"]
[EventCountry "POL"]
[Source "lmi"]
[SourceDate "2010.08.03"]

1. e4 c6 2. d4 d5 3. e5 Bf5 4. Be3 e6 5. Nd2 Nd7 6. Nb3 f6 7. Nf3 Bg4 8. exf6
Ngxf6 9. Be2 Bd6 10. h3 Bxf3 11. Bxf3 O-O 12. O-O e5 13. dxe5 Nxe5 14. Be2 Qc7
15. Nd4 Rae8 16. Nf5 Ne4 17. Nxd6 Nxd6 18. b3 Re6 19. c4 dxc4 20. bxc4 Nf5 21.
Bc5 Rd8 22. Qc2 Nd4 23. Bxd4 Rxd4 24. c5 Re8 25. Rad1 Red8 26. Qb3+ Nf7 27. Rb1
R8d7 28. Rfe1 Re7 29. Bc4 Rxe1+ 30. Rxe1 Kf8 31. Qe3 Qd7 32. Be6 Qd8 33. Bxf7
Kxf7 34. Qe6+ Kf8 35. Re3 Rf4 36. Qe5 Rf7 37. Qe4 Kg8 38. Qc4 Kf8 39. Qe4
1/2-1/2

[Event "Campeonato del Mundo sub-20 2010"]
[Site "Chotowa POL"]
[Date "2010.08.14"]
[Round "11.55"]
[White "Swiech, Przemyslaw"]
[Black "Gora, Jan"]
[Result "1-0"]
[WhiteElo "2166"]
[BlackElo "1848"]
[PlyCount "83"]
[EventDate "2010.08.03"]
[EventType "swiss"]
[EventRounds "13"]
[EventCountry "POL"]
[Source "lmi"]
[SourceDate "2010.08.03"]

1. d4 d5 2. c4 e6 3. Nc3 c6 4. Nf3 dxc4 5. e3 b5 6. a4 Bb4 7. Bd2 a5 8. axb5
Bxc3 9. Bxc3 cxb5 10. b3 Bb7 11. bxc4 b4 12. Bb2 Nf6 13. Bd3 Nbd7 14. O-O O-O
15. Re1 Ne4 16. Qc2 f5 17. Nd2 Ndf6 18. f3 Nxd2 19. Qxd2 Qd7 20. e4 fxe4 21.
fxe4 e5 22. h3 exd4 23. e5 Nh5 24. e6 Qd6 25. e7 Rfe8 26. Qg5 Nf4 27. c5 Qf6
28. Qxf6 gxf6 29. Bb5 Nxg2 30. Re6 Nf4 31. Rxf6 Nd5 32. Bc4 Rxe7 33. c6 Kg7 34.
cxb7 Rb8 35. Rc6 Nc3 36. Rxa5 Re1+ 37. Kg2 Rb1 38. Rg5+ Kh8 39. Rg8+ Rxg8+ 40.
Bxg8 Rxb2+ 41. Kf3 Ne4 42. Rc8 1-0

[Event "Campeonato del Mundo sub-20 2010"]
[Site "Chotowa POL"]
[Date "2010.08.14"]
[Round "11.57"]
[White "Jasiak, Filip"]
[Black "Janus, Przemyslaw"]
[Result "0-1"]
[WhiteElo "1757"]
[BlackElo "2085"]
[PlyCount "96"]
[EventDate "2010.08.03"]
[EventType "swiss"]
[EventRounds "13"]
[EventCountry "POL"]
[Source "lmi"]
[SourceDate "2010.08.03"]

1. Nf3 d5 2. d4 Nc6 3. Bf4 Nf6 4. h3 e6 5. e3 Bd6 6. Bxd6 Qxd6 7. c3 O-O 8. Bd3
e5 9. Nxe5 Nxe5 10. dxe5 Qxe5 11. Nd2 Re8 12. Nf3 Qd6 13. Qc2 g6 14. O-O-O Be6
15. Nd4 Bd7 16. Nf3 b5 17. Rhe1 c5 18. e4 dxe4 19. Bxe4 Qf4+ 20. Kb1 Rad8 21.
g3 Qc7 22. Ng5 Kg7 23. Ka1 Re7 24. Bg2 Rxe1 25. Rxe1 Bf5 26. Qc1 Rd6 27. g4 Bd3
28. Ne4 Ra6 29. a3 Bc4 30. Qg5 Re6 31. Qd2 Qe7 32. f3 Bd5 33. Qf2 b4 34. g5
Nxe4 35. fxe4 bxa3 36. b4 Bc6 37. Qxc5 Qxc5 38. bxc5 Re5 39. h4 Rxc5 40. Re3 h6
41. gxh6+ Kxh6 42. Ka2 Kh5 43. Kxa3 Kxh4 44. Bf1 Re5 45. Rf3 Re7 46. c4 f5 47.
Rxf5 gxf5 48. exf5 Kg5 0-1

[Event "Campeonato del Mundo sub-20 2010"]
[Site "Chotowa POL"]
[Date "2010.08.14"]
[Round "11.58"]
[White "Lis, Marek"]
[Black "Bryan-vissi, Mark"]
[Result "1-0"]
[WhiteElo "2072"]
[BlackElo "1847"]
[PlyCount "56"]
[EventDate "2010.08.03"]
[EventType "swiss"]
[EventRounds "13"]
[EventCountry "POL"]
[Source "lmi"]
[SourceDate "2010.08.03"]

1. e4 c5 2. Nf3 d6 3. d4 cxd4 4. Qxd4 a6 5. Be3 Nc6 6. Qb6 Qxb6 7. Bxb6 Nf6 8.
Nc3 g6 9. Nd2 Bg7 10. O-O-O Bd7 11. Be2 Rc8 12. Kb1 Be6 13. f4 Nd7 14. Be3 Bxc3
15. bxc3 d5 16. e5 Na5 17. Bd4 Nc5 18. Nb3 Naxb3 19. axb3 b5 20. Kb2 Ne4 21.
Ra1 Rc6 22. Rxa6 Rxa6 23. Bxb5+ Bd7 24. Bxa6 O-O 25. Ra1 e6 26. c4 dxc4 27.
Bxc4 Bc6 28. Ra6 Ba8 1-0

[Event "Campeonato del Mundo sub-20 2010"]
[Site "Chotowa POL"]
[Date "2010.08.14"]
[Round "11.60"]
[White "Drnovsek, Nejc"]
[Black "Zecevic, Ivan"]
[Result "1-0"]
[WhiteElo "2173"]
[BlackElo "1995"]
[PlyCount "69"]
[EventDate "2010.08.03"]
[EventType "swiss"]
[EventRounds "13"]
[EventCountry "POL"]
[Source "lmi"]
[SourceDate "2010.08.03"]

1. d4 Nf6 2. c4 g6 3. Nc3 Bg7 4. g3 O-O 5. Bg2 d6 6. Nf3 Nc6 7. O-O Bg4 8. h3
Bxf3 9. Bxf3 Nd7 10. e3 e5 11. d5 Ne7 12. e4 f5 13. Rb1 a5 14. a3 Nf6 15. b4 b6
16. Bg5 Qd7 17. c5 fxe4 18. Nxe4 Nxe4 19. Bxe4 Bf6 20. Be3 bxc5 21. bxc5 Qxh3
22. Rb7 Qc8 23. c6 Nf5 24. Bd2 Nd4 25. Bc3 Rb8 26. Rxb8 Qxb8 27. Bxa5 Qa7 28.
Bb4 Ra8 29. Qd3 Kg7 30. Kg2 Qa4 31. Qd2 Rb8 32. Rh1 Rh8 33. Qd1 Qb5 34. Qg4 Rd8
35. Rxh7+ 1-0

[Event "Campeonato del Mundo sub-20 2010"]
[Site "Chotowa POL"]
[Date "2010.08.15"]
[Round "12.2"]
[White "Sjugirov, Sanan"]
[Black "Blomqvist, Erik"]
[Result "1-0"]
[WhiteElo "2610"]
[BlackElo "2407"]
[PlyCount "103"]
[EventDate "2010.08.03"]
[EventType "swiss"]
[EventRounds "13"]
[EventCountry "POL"]
[Source "lmi"]
[SourceDate "2010.08.03"]

1. e4 c5 2. Nf3 e6 3. d4 cxd4 4. Nxd4 a6 5. Bd3 Nf6 6. O-O Qc7 7. Qe2 d6 8. c4
g6 9. Nc3 Bg7 10. Nf3 O-O 11. Bf4 Nc6 12. Rac1 e5 13. Bg5 h6 14. Be3 Bg4 15.
Nd5 Qd8 16. h3 Nd4 17. Bxd4 Bxf3 18. Qxf3 exd4 19. Qe2 Re8 20. Nxf6+ Qxf6 21.
f4 Rac8 22. Qg4 Rc7 23. Rce1 Rce7 24. Kh1 Rc7 25. h4 h5 26. Qg3 Rce7 27. Rc1
Bh6 28. Rce1 Bg7 29. b4 Qe6 30. Rd1 Qg4 31. Qxg4 hxg4 32. Kh2 Rf8 33. Kg3 f5
34. exf5 gxf5 35. Rfe1 Re3+ 36. Kf2 g3+ 37. Kf1 Rxe1+ 38. Rxe1 Bh6 39. Re7 Rf7
40. Rxf7 Kxf7 41. Bxf5 b6 42. Bc8 Bxf4 43. Bxa6 Kg6 44. Ke2 Kh5 45. a4 Kxh4 46.
Bb7 Bc1 47. Kd3 Ba3 48. a5 bxa5 49. c5 dxc5 50. bxa5 c4+ 51. Kxc4 Bd6 52. Kxd4
1-0

[Event "Campeonato del Mundo sub-20 2010"]
[Site "Chotowa POL"]
[Date "2010.08.15"]
[Round "12.3"]
[White "Kasyan, Aleksandr"]
[Black "Hammer, Jon Ludvig"]
[Result "0-1"]
[WhiteElo "2326"]
[BlackElo "2636"]
[PlyCount "98"]
[EventDate "2010.08.03"]
[EventType "swiss"]
[EventRounds "13"]
[EventCountry "POL"]
[Source "lmi"]
[SourceDate "2010.08.03"]

1. d4 Nf6 2. c4 e6 3. Nf3 d5 4. Nc3 c5 5. cxd5 Nxd5 6. e4 Nxc3 7. bxc3 cxd4 8.
cxd4 Bb4+ 9. Bd2 Bxd2+ 10. Qxd2 O-O 11. Be2 b6 12. O-O Bb7 13. Qe3 Nd7 14. Rad1
Rc8 15. Bd3 Qe7 16. Bb1 Nf6 17. Ne5 Rc7 18. f4 Rfc8 19. f5 Rc3 20. Qf4 Ba6 21.
Rfe1 Bb5 22. fxe6 fxe6 23. d5 Qc5+ 24. Qf2 exd5 25. exd5 Nxd5 26. Qxc5 R3xc5
27. a4 Bxa4 28. Ba2 Bxd1 29. Rxd1 Rc1 30. Bxd5+ Kf8 31. Rxc1 Rxc1+ 32. Kf2 Ke7
33. Nd3 Rc2+ 34. Ke3 Kd6 35. Be4 h6 36. Nb4 Rc4 37. Nc2 Kc5 38. Bd3 Ra4 39. Kd2
b5 40. Kc3 Rf4 41. Ne1 a5 42. Be2 Kb6 43. Nd3 Rc4+ 44. Kb2 a4 45. Bd1 Ka5 46.
h3 b4 47. Nc1 Rd4 48. Bf3 Rd2+ 49. Kb1 b3 0-1

[Event "Campeonato del Mundo sub-20 2010"]
[Site "Chotowa POL"]
[Date "2010.08.15"]
[Round "12.5"]
[White "Salem, A.R. Saleh"]
[Black "Cordova Daza, Emilio Arturo"]
[Result "1-0"]
[WhiteElo "2469"]
[BlackElo "2560"]
[PlyCount "55"]
[EventDate "2010.08.03"]
[EventType "swiss"]
[EventRounds "13"]
[EventCountry "POL"]
[Source "lmi"]
[SourceDate "2010.08.03"]

1. d4 Nf6 2. c4 e6 3. Nf3 c5 4. d5 b5 5. Bg5 b4 6. a3 a5 7. e4 d6 8. axb4 cxb4
9. c5 exd5 10. Bxf6 Qxf6 11. Qxd5 Ra7 12. Bb5+ Nd7 13. e5 dxe5 14. c6 Nb6 15.
c7+ Nd7 16. Qxd7+ Bxd7 17. c8=Q+ Qd8 18. Bxd7+ Rxd7 19. Qxd8+ Kxd8 20. Rxa5 f6
21. Ke2 g6 22. Ra8+ Ke7 23. Rd1 Rxd1 24. Kxd1 h5 25. Nbd2 Ke6 26. Nh4 Rg8 27.
Ne4 Kf7 28. g3 1-0

[Event "Campeonato del Mundo sub-20 2010"]
[Site "Chotowa POL"]
[Date "2010.08.15"]
[Round "12.6"]
[White "Nabaty, Tamir"]
[Black "Can, Emre"]
[Result "1/2-1/2"]
[WhiteElo "2523"]
[BlackElo "2477"]
[PlyCount "99"]
[EventDate "2010.08.03"]
[EventType "swiss"]
[EventRounds "13"]
[EventCountry "POL"]
[Source "lmi"]
[SourceDate "2010.08.03"]

1. e4 c5 2. Nf3 d6 3. d4 cxd4 4. Nxd4 Nf6 5. Nc3 Nc6 6. Be2 g6 7. Be3 Bg7 8.
Qd2 O-O 9. O-O-O Nxd4 10. Bxd4 Be6 11. h4 Qa5 12. Qg5 Qxg5+ 13. hxg5 Nd7 14.
Nd5 Bxd5 15. exd5 Bxd4 16. Rxd4 Kg7 17. Re4 Rfe8 18. Bb5 Rad8 19. Reh4 Rh8 20.
Re1 a6 21. Bxd7 Rxd7 22. Rhe4 Kf8 23. Kd2 h6 24. Rh1 Kg7 25. gxh6+ Rxh6 26.
Rxh6 Kxh6 27. c4 Kg5 28. b4 Kf5 29. Ke3 g5 30. g4+ Kf6 31. f4 Rc7 32. Kd4 b6
33. a3 Kg6 34. Ke3 Kf6 35. Kd3 Kg6 36. Kd4 Kf6 37. Kc3 Kg6 38. Kb3 Kf6 39. a4
a5 40. Kc3 Kg6 41. Kb2 Kf6 42. Kb3 Kg6 43. c5 dxc5 44. bxa5 bxa5 45. Kc4 gxf4
46. Rxf4 e6 47. dxe6 fxe6 48. Rf8 Rb7 49. Kxc5 Rb4 50. Kd6 1/2-1/2

[Event "Campeonato del Mundo sub-20 2010"]
[Site "Chotowa POL"]
[Date "2010.08.15"]
[Round "12.8"]
[White "Yilmaz, Mustafa"]
[Black "Tomczak, Jacek"]
[Result "0-1"]
[WhiteElo "2479"]
[BlackElo "2509"]
[PlyCount "128"]
[EventDate "2010.08.03"]
[EventType "swiss"]
[EventRounds "13"]
[EventCountry "POL"]
[Source "lmi"]
[SourceDate "2010.08.03"]

1. e4 d5 2. exd5 Nf6 3. d4 Nxd5 4. Nf3 Bg4 5. Be2 e6 6. O-O Be7 7. h3 Bh5 8. c4
Nb6 9. Nc3 Nc6 10. Be3 O-O 11. b3 f5 12. Ne1 Bb4 13. Bd2 Qxd4 14. Nc2 Bxe2 15.
Qxe2 Qd7 16. Nxb4 Nxb4 17. Ne4 Nc2 18. Nc5 Qc6 19. Rac1 Qxc5 20. Rxc2 Rfe8 21.
b4 Qf8 22. Re1 c5 23. a3 e5 24. Rb1 Nd7 25. bxc5 Nxc5 26. Bb4 b6 27. Bxc5 Qxc5
28. Rc3 e4 29. Rb5 Qd4 30. Qe3 Qxe3 31. fxe3 g6 32. a4 Rac8 33. a5 Re6 34. axb6
axb6 35. Kf2 Kf7 36. Rd5 Rc7 37. g4 fxg4 38. hxg4 Rec6 39. Rb3 Rf6+ 40. Kg3
Rxc4 41. Rd7+ Kg8 42. g5 Rf3+ 43. Kg4 Rc6 44. Ra3 Rf7 45. Ra8+ Kg7 46. Rdd8 Re7
47. Rg8+ Kf7 48. Kf4 Ke6 49. Rad8 Rd6 50. Kxe4 Kf7+ 51. Kf4 Rxd8 52. Rxd8 Rb7
53. Rd4 b5 54. Rb4 Ke6 55. e4 Rb8 56. e5 Kd5 57. Re4 Rf8+ 58. Ke3 Ke6 59. Kd4
Rb8 60. Rf4 b4 61. Rf6+ Ke7 62. e6 b3 63. Kd5 Rb5+ 64. Kc4 b2 0-1

[Event "Campeonato del Mundo sub-20 2010"]
[Site "Chotowa POL"]
[Date "2010.08.15"]
[Round "12.9"]
[White "Martinovic, Sasa"]
[Black "Arnold, Marc Tyler"]
[Result "1-0"]
[WhiteElo "2505"]
[BlackElo "2432"]
[PlyCount "163"]
[EventDate "2010.08.03"]
[EventType "swiss"]
[EventRounds "13"]
[EventCountry "POL"]
[Source "lmi"]
[SourceDate "2010.08.03"]

1. d4 Nf6 2. c4 c5 3. d5 b5 4. cxb5 a6 5. bxa6 g6 6. Nc3 Bxa6 7. Nf3 d6 8. g3
Bg7 9. Bg2 Nbd7 10. Rb1 O-O 11. O-O Qa5 12. Bd2 Ng4 13. Qc2 Nge5 14. Nxe5 Nxe5
15. b3 Qa3 16. Bc1 Qa5 17. Bd2 Qa3 18. Bc1 Qa5 19. a4 Nf3+ 20. Bxf3 Qxc3 21.
Qe4 Qe5 22. Qxe5 Bxe5 23. Bd2 Bc8 24. Rfc1 Bf5 25. e4 Bd7 26. Bc3 Bxc3 27. Rxc3
Rfb8 28. Re1 Rb4 29. Ree3 Bh3 30. Bd1 h5 31. f3 Bd7 32. Kf2 Kf8 33. Be2 e5 34.
dxe6 Bxe6 35. Bb5 Kg7 36. Red3 Ra7 37. Ke3 Kf8 38. Kd2 Ke7 39. Re3 Bd7 40. Be2
Be6 41. Bd1 Ra5 42. Bc2 Kd7 43. Red3 Ke7 44. Ke3 f5 45. h4 Rb8 46. Rd2 fxe4 47.
fxe4 Rb4 48. Kf2 Rb6 49. Rf3 Bg4 50. Re3 Be6 51. Kg2 Ra8 52. Rc3 Ra5 53. Kf2
Rb4 54. Ke1 Rb6 55. Rf2 Rb4 56. Kd2 Rd4+ 57. Kc1 Rb4 58. Rff3 Bg4 59. Rf4 Rb6
60. Bd3 Be6 61. Bb5 Raxb5 62. axb5 Rxb5 63. Kc2 Ra5 64. Rff3 Ra2+ 65. Kb1 Ra5
66. Rc2 Rb5 67. Rb2 Rb4 68. Rf4 Rxb3 69. Rxb3 Bxb3 70. Kb2 Bd1 71. Kc1 Bg4 72.
Kd2 Be6 73. Ke3 d5 74. e5 d4+ 75. Ke4 d3 76. Kxd3 Bf5+ 77. Ke3 Ke6 78. Rc4 Kd5
79. Rc1 Kxe5 80. Rxc5+ Kf6 81. Kf4 Bd3 82. Rc6+ 1-0